[Event "GER-ch 74th"]
[Site "Saarbruecken"]
[Date "2002.11.22"]
[Round "1"]
[White "Scherer, Max"]
[Black "Gustafsson, Jan"]
[Result "0-1"]
[WhiteElo "2339"]
[BlackElo "2554"]
[Annotator "Hecht,H"]
[PlyCount "108"]
[EventDate "2002.11.22"]
[EventType "swiss"]
[EventRounds "9"]
[EventCountry "GER"]
[SourceTitle "CBM 093"]
[Source "ChessBase"]
[SourceDate "2003.04.01"]
[SourceVersion "1"]
[SourceVersionDate "2003.04.01"]
[SourceQuality "1"]

1. c4 Nf6 2. g3 e5 3. Bg2 c6 4. Nf3 e4 5. Nd4 d5 6. Nc3 dxc4 7. Nc2 Bf5 8. Ne3
Bg6 9. Nxc4 Nbd7 10. O-O Be7 11. d4 exd3 12. exd3 O-O 13. d4 Nb6 14. Ne5 Bf5
15. Be3 a5 16. Rc1 a4 17. g4 Be6 18. g5 Nfd5 19. h4 a3 20. b3 Nxc3 21. Rxc3 Nd5
22. Rc2 f6 23. gxf6 Bxf6 24. Qh5 g6 25. Qh6 Bg7 26. Qg5 Bf6 27. Qh6 Bg7 28. Qg5
Nxe3 29. Qxe3 Bf5 30. Rc4 Qxh4 31. d5 Qf6 32. f4 cxd5 33. Bxd5+ Kh8 34. Rb4
Rad8 35. Rd1 g5 36. Rb6 Rd6 37. Rxd6 Qxd6 38. Nc4 Qxf4 39. Qxf4 gxf4 40. Bxb7
Bg4 41. Rd2 f3 42. Ne3 Bh6 43. Kf2 Re8 44. Rd3 Bxe3+ 45. Rxe3 Rxe3 46. Kxe3 Be6
47. Bxf3 Bxb3 {Problem des "falschen" Läufers} 48. Be4 h5 (48... Bxa2 49. Bxh7
Kxh7 50. Kd2 Bb3 51. Kc1 (51. Kc3 $2 Ba4 $19) 51... Ba2 52. Kc2 $11) 49. Bb1 (
49. Kf4 Bxa2 50. Kg5 Bf7 51. Bb1 Kg7 $19 {da der Lb1 praktisch patt ist}) 49...
Be6 50. Kd4 (50. Kf4 h4 51. Kf3 Kg7 52. Kf4 Kf6 $19) 50... h4 51. Kc3 h3 52.
Be4 (52. Kb4 Bd5 $19) 52... Bxa2 53. Kb4 Bb1 $1 (53... Bc4 54. Kxa3 Bf1 55. Bf5
h2 56. Be4 Kg7 57. Kb4 Kf6 58. Kc3 Ke5 59. Bh1 Kf4 60. Kd2 Kg3 61. Ke1 Bg2 $19)
54. Bxb1 h2 0-1

[Event "Dortmund"]
[Site "Dortmund"]
[Date "1993.??.??"]
[Round "1"]
[White "Serper, Grigory"]
[Black "Lutz, Christopher"]
[Result "0-1"]
[WhiteElo "2590"]
[BlackElo "2550"]
[Annotator "Konikowski,J"]
[PlyCount "74"]
[EventDate "1993.04.??"]
[EventType "tourn"]
[EventRounds "7"]
[EventCountry "GER"]
[EventCategory "16"]
[SourceTitle "CBM 035"]
[Source "ChessBase"]
[SourceDate "1993.08.01"]
[SourceVersion "1"]
[SourceVersionDate "1993.08.01"]
[SourceQuality "1"]

1. c4 {Ribli Ftacnik} e5 2. g3 Nf6 3. Bg2 c6 4. d4 exd4 (4... Bb4+ {Ribli
Dorfman,J-Razuvaev,Y/Elenite/1992/CBM32/INF55,14/}) 5. Qxd4 d5 6. Nf3 (6. Nc3
Be6 (6... dxc4 7. Qxc4 Be6 8. Qa4 Nd5 9. Nxd5 Bxd5 10. Nf3 Nd7 11. O-O Be7 12.
e4 Be6 13. Rd1 O-O $14 {Hecht-Polugaevsky,Siegen 1976}) 7. cxd5 cxd5 (7... Nxd5
8. Nf3 Qb6 9. O-O Qxd4 10. Nxd4 Nxc3 11. bxc3 $14 {@}) 8. Nf3 Nc6 9. Qa4 Bc5
10. O-O O-O 11. Bg5 h6 12. Bxf6 Qxf6 13. e4 dxe4 14. Nxe4 Qe7 15. Nxc5 Qxc5 16.
Rfd1 Rad8 $10 {Pirc-Keres,Moscow 1956}) 6... Be7 (6... dxc4 7. Qxd8+ (7. Qxc4
Be7 8. O-O O-O 9. Nc3 (9. Qc2 Na6 10. a3 Qa5 11. Nc3 Qh5 12. Bf4 Nc5 13. Rfe1
Bh3 $10 {Larsen-Huebner,Tilburg 1981}) 9... Be6 10. Qa4 Qc8 11. Bf4 Na6 $10 {
Andersson-Huebner,Skeleftea 1989}) 7... Kxd8 8. O-O Bb4 9. Na3 Bxa3 (9... c3
10. bxc3 Bxc3 11. Rb1 {/\Nc4|^}) 10. bxa3 Re8 11. Rd1+ Ke7 12. Ne5 c3 13. Be3
Na6 14. Rac1 Be6 15. Rxc3 Nd5 $10 {Fauland-Huebner,Haifa 1989}) 7. cxd5 (7. O-O
O-O 8. cxd5 cxd5 9. Nc3 Nc6 10. Qa4 Qb6 $10 {Romanishin-Polugaevsky,USSR 1974}
(10... Qb6 {Ribli} 11. Qb5 $1 $14 {Davies,N-Morgan,M/New York-op/1991/CBM23/}))
7... cxd5 8. O-O Nc6 9. Qa4 (9. Qd1 {Ftacnik}) 9... O-O 10. Be3 (10. Nc3 {
Ftacnik}) 10... Ne4 (10... Ng4 11. Bd4 Nxd4 12. Nxd4 Qb6 13. Nc3 Qh6 14. h4 g5
15. Nxd5 Bd8 16. Rfc1 gxh4 17. Rxc8 Rxc8 18. Nf5 Rc1+ 19. Bf1 Qh5 20. Nde7+ $2
(20. Rxc1 $142 Qxf5 21. Qf4 Qxd5 22. Qxg4+ Kh8 $13) 20... Bxe7 21. Nxe7+ Kh8
22. Qd4+ f6 23. Rxc1 hxg3 $40 {Suba-Milos,Spain 1992}) (10... Be6 $6 {Ribli}
11. Nc3 Qd7 12. Rfd1 $14 {Kasparov,G-Hjartarson,J/Belfort WCup/1989/CBM08/
INF45,18/}) 11. Nc3 (11. Rd1 Bf6 12. Nd4 Bd7 (12... Qb6 13. Nc3 Nxc3 14. bxc3
Rd8 15. Rab1 $36) 13. Qb3 Nxd4 14. Bxd4 Bxd4 15. Rxd4 Qf6 16. Qe3 Rfe8 17. Bxe4
Rxe4 18. Rxe4 Qxb2 (18... dxe4 19. Nc3 Bc6 20. Rd1 $14) 19. Re7 (19. Qd4 Qc1+
20. Kg2 dxe4 $17) 19... Qxa1 20. Rxd7 Qxb1+ 21. Kg2 h6 (21... Qxa2 $4 22. Qe7
Rf8 23. Rd8 $18) 22. Qe7 Rf8 23. a3 b6 24. Rxa7 Qe4+ $10 {Huebner:Chess Base
Magazine 19/20}) 11... Nxc3 12. bxc3 Na5 $2 (12... Be6 $142 {Huebner}) (12...
Qa5 $5 {Ftacnik}) (12... Qa5 {Ribli} 13. Qb3 Rd8 14. Rfd1 Qa6 15. Nd4 $14 {
Csom,I-Suba,M/Kecskemet/1979/INF27,44/}) 13. Ne5 (13. Rad1 $5) 13... Be6 (13...
Bf6 {Ftacnik} 14. Rad1 Be6) 14. Rad1 Bf6 15. Nd3 (15. Bxd5 $4 {Ftacnik} Bxd5
16. c4 (16. Qb5 $2 Nc6 17. Nxc6 bxc6 $19) (16. Nd7 Bc4 (16... b5 $5 17. Nxf6+ (
17. Qxb5 $2 Bc4 $1) 17... Qxf6 (17... gxf6 18. Qg4+ Kh8 19. Qh5 $18) 18. Qxa5
Bc4 19. Rd2 Rfc8 $1 $44) (16... Bc6 17. Nxf6+ Qxf6 18. Qxa5 Qe6 $5) 17. Nxf8
Qxf8 18. Qxa5 Bxe2 19. Rd7 Bxf1 20. Kxf1 b6 21. Qd5 Rd8 $10) 16... Nxc4 $1 17.
Nxc4 Bc6 $17) (15. Ng4 $5 {Ribli} Bxc3 16. Bc5 Re8 17. Ne3 $14) 15... Nc4 (
15... Bxc3 16. Nf4 {><d5}) 16. Bd4 b6 17. Qb3 (17. Nf4 $2 {Ribli} Nb2) 17...
Bxd4 18. cxd4 Rc8 19. Nf4 Qd6 20. Rfe1 a6 21. Qf3 Rfd8 22. Qh5 (22. e4 $5 {
Ribli}) 22... f5 (22... g6 {Ribli} 23. Qg5 $36) 23. Qg5 (23. Bh3 $1 {Ftacnik})
23... Qd7 24. Bh3 (24. Nxe6 Qxe6 25. Bh3 Rf8 $13) 24... Rf8 (24... Nd6 $1 {
Ftacnik} 25. Nxe6 Qxe6 26. Rc1 $14) 25. e4 $1 dxe4 26. d5 $2 (26. Rxe4 $1 h6 (
26... Qa4 $2 27. Rde1 (27. Ree1 $1 {Ftacnik} Bd7 28. Bg2 $16) (27. Rd3 h6 28.
Qh4 (28. Qh5 Bf7) 28... fxe4) 27... Nd2 28. R4e3 Qa5 (28... Bxa2 29. Bxf5 Qa5
$13) 29. Bg2 (29. Nxe6 Nf3+ $1 30. Rxf3 Qxe1+ 31. Kg2 Qxe6 32. Bxf5 Qxa2 33.
Bxc8 Rxc8 $13) 29... Bxa2 30. Re7 Rf7 31. Re8+ Rf8 32. Nh5 g6 33. Qh6 $18) 27.
Qh5 Bd5 28. Nxd5 Qxd5 29. Re2 (29. Re7 Qd6 30. Rde1 Qxd4 31. Bxf5 Rc5 32. Qg4
Qxg4 33. Bxg4 $13) 29... b5 30. Bg2 Qd6 31. d5 $36) 26... Ne5 $1 27. Re3 $2 (
27. dxe6 Qxd1 (27... Nf3+ {Ribli} 28. Kh1 Qxd1 29. Rxd1 Nxg5 $19) 28. Rxd1 Nf3+
29. Kg2 Nxg5 30. e7 Rfe8 31. Bxf5 Rc5 (31... Rc7 $6 32. Ne6 $1 Nxe6 33. Bxe6+
Kh8 34. Bf7 Rcxe7 35. Bxe8 Rxe8 36. Rd6 Rb8 37. Re6) 32. Nd5 Kf7 (32... Rxd5 $2
33. Rxd5 Rxe7 34. Bc8 $1 $16) 33. Bd7 (33. h4 Rxe7 (33... Ne6 {Ftacnik} 34.
Bxe4 Nc7 35. Nxc7 Rxc7 36. Rd6 $10) 34. Nxe7 Kxe7 35. Rd7+ Kf8 36. Bg4 Nf7 37.
Be6 Ne5 38. Rb7 Rc2 $5 (38... b5 39. Bf5 $1) 39. Bb3 Rd2 40. Rb8+ Ke7 41. Rb7+
Nd7 $17) 33... Rxe7 34. Nxe7 Kxe7 $17) (27. Kh1 $5 Nf3 28. Qh5 Bf7 29. Qxf5
Qxf5 30. Bxf5 Nxe1 31. Bxc8 Nd3 $10 {Lutz}) 27... Qa4 (27... Nf3+ {Ftacnik} 28.
Rxf3 exf3 29. Nxe6 $18) 28. Rde1 Bd7 29. Ne6 Bxe6 30. dxe6 Qb4 31. Bg2 (31.
Bxf5 {Ribli} Qxe1+ 32. Rxe1 Nf3+ $19) 31... Rce8 32. Bxe4 Qxe4 $1 33. Qh5 (33.
Rxe4 Nf3+ $19 (33... Nf3+ {Ftacnik} 34. Kg2 Nxg5 $19)) 33... Qg4 34. Qxe8 Rxe8
35. Rxe5 Qc4 36. a3 g6 37. R5e3 Kg7 0-1

[Event "Albert m"]
[Site "Albert"]
[Date "1997.09.14"]
[Round "4"]
[White "Kortschnoj, Viktor Lvovich"]
[Black "Bacrot, Etienne"]
[Result "1-0"]
[WhiteElo "2610"]
[BlackElo "2545"]
[Annotator "Kortschnoj,V"]
[PlyCount "91"]
[EventDate "1997.09.10"]
[EventType "match"]
[EventRounds "6"]
[EventCountry "FRA"]
[SourceTitle "CBM 061"]
[Source "ChessBase"]
[SourceDate "1997.11.23"]
[SourceVersion "1"]
[SourceVersionDate "1997.11.23"]
[SourceQuality "1"]

1. c4 {Ribli} e5 2. g3 {Nach 2.Nc3 ist in jüngster Zeit die Nebenvariante 2...
Bb4 populär.Ribli.} c6 3. d4 e4 $5 {In der 6.Matchpartie spielte der jüngste
GM der Welt 3...Bb4.Ribli.} (3... exd4) 4. Nc3 (4. d5 $5 $14) 4... d5 {Jetzt
haben wir die Französische Verteidigung im Anzug auf dem Brett - l.e4 e6 2.d4
d5 3.e5 c5 4.c3 Nc6 Variante - natürlich mit dem Mehrtempo g2-g3.Ribli.} (4...
f5 {Ribli,Z} 5. h4 (5. Nh3 Nf6 6. Bg5 Be7 7. Bg2 h6 8. Bxf6 Bxf6 9. e3 O-O 10.
Nf4 Na6 11. f3 exf3 12. Qxf3 Qb6 13. Qf2 Qb4 14. O-O Nc7 15. c5 $14 {Beim,
V-Afek,Y/Rishon le Zion 1993/1/2-1/2 (42)}) 5... Nf6 6. Bg5 h6 7. Bxf6 Qxf6 8.
e3 g6 9. Nge2 d6 10. Nf4 Na6 11. g4 Rg8 12. Qb3 Nc7 13. gxf5 gxf5 14. Be2 Rb8
15. Qa4 a6 16. O-O-O Bd7 17. c5 d5 18. Qa5 Qd8 19. Bh5+ Ke7 20. Rhg1 {Suba,
M-Timman,J/Thessaloniki olm 1984/1-0 (52)}) 5. cxd5 cxd5 6. Qb3 Ne7 (6... Nc6 {
Gurevich,M} 7. Qxd5 Qxd5 8. Nxd5 Nxd4 9. Nc7+ (9. Bg5 $5 f6 (9... Nc2+ 10. Kd2
Nxa1 11. Nc7+ Kd7 12. Nxa8 {13.Bh3 war die unangenehme Drohung.Ribli.} f5 13.
f3 b5 (13... h6 14. Be3 {[%csl Ra7]}) (13... exf3 14. Nxf3 b5 15. Bh3 g6 16.
Rc1 $18) (13... Bb4+ 14. Kc1 Nf6 15. Bg2 Kd6 16. Bxf6 gxf6 17. fxe4 $16) 14.
Bh3 Kc6 15. fxe4 Kb7 16. exf5 Kxa8 17. Bg2+ Bb7 (17... Kb8 18. Bf4+ $18) 18.
Bxb7+ Kxb7 19. Nf3 Bb4+ 20. Kd3 {[%csl Ra1]}) 10. O-O-O $36) 9... Kd8 10. Nxa8
Nc2+ 11. Kd1 Nxa1 12. Bf4 $14 (12. Bf4 {Ribli,Z} Be6 13. b3 $14) (12. b3 b6 13.
Bb2 Bb7 14. Bxa1 Bxa8 $11)) (6... Nf6 {Ribli,Z} 7. Bg5 $14) 7. Bf4 a6 8. f3
$146 (8. Bxb8 Rxb8 9. e3 Be6 10. Rc1 Nc6 11. Qa4 Qb6 12. Rb1 Bd6 13. Nge2 O-O
14. Nf4 Bb4 15. Qc2 Na5 16. Be2 Rbc8 17. O-O Qd6 18. Rfc1 Rc6 19. Qa4 Rfc8 20.
a3 Bxc3 21. Rxc3 Rxc3 22. bxc3 Qd8 23. Nxe6 fxe6 24. Bg4 Kf7 25. Rb6 {1-0 Suba,
M-Ubilava,E/Roses 1992/TD 92\09 (45)}) 8... exf3 (8... f5 9. Bxb8 Rxb8 10. Nh3
Be6 11. fxe4 fxe4 12. Nf4 Bf7 13. Bh3 Qd6 14. O-O $14) (8... Nbc6 {Ribli,Z} 9.
fxe4 Nxd4 (9... dxe4 10. d5 Na5 11. Qa4+ b5 12. Qxe4 $16) 10. Qa4+ Ndc6 11. Nb5
$16 (11. Rd1)) (8... f5 {Ribli,Z}) 9. Nxf3 (9. e4 $5 Nbc6 (9... dxe4 $2 10. Bc4
Be6 11. d5 Bg4 12. d6 $18) 10. exd5 $1 (10. Nxd5 Nxd5 11. exd5 Nxd4 $1 12. Qa4+
Nb5 13. Bxb5+ axb5 14. Qxb5+ (14. Qxa8 $6 Bb4+ 15. Kf2 Bc5+ 16. Be3 Bxe3+ 17.
Kxe3 Qb6+ 18. Kxf3 Qf6+ 19. Ke3 O-O $17) 14... Bd7 15. Qc4 Qb6 16. Qe4+ Kd8 17.
Nxf3 Bb4+ $44) 10... Na5 11. Qa4+ b5 (11... Bd7 12. Qc2 $16) 12. Bxb5+ $1 axb5
13. Nxb5 Nxd5 14. Nc7+ Ke7 15. Nxa8 Nxf4 16. gxf4 Bb7 17. Nxf3 Qxa8 18. O-O
Bxf3 19. Qa3+ Kd7 20. Qxf3 Qxf3 21. Rxf3 Bd6 $14) 9... Nbc6 (9... f5 $6 10. Ne5
Nbc6 11. Bg2 Na5 (11... Nxd4 12. Qa4+ Ndc6 13. Nxc6 bxc6 14. Nxd5 $16) 12. Bxd5
$1 $18) 10. e4 $1 Be6 (10... Bg4 11. Nxd5 Nxd5 (11... Bxf3 12. Nc7+ Qxc7 13.
Bxc7 Bxh1 14. d5 $16) 12. exd5 Bxf3 13. Qxf3 Nxd4 (13... Qe7+ 14. Kd2 Nxd4 (
14... Qb4+ 15. Qc3 $14) 15. Qc3) 14. Qe4+ (14. Qe3+ {Ribli,Z} Qe7 15. O-O-O
Qxe3+ 16. Bxe3 Nf5 (16... Rc8+ 17. Kb1) 17. Bb6 {[%csl Gb6]}) 14... Qe7 15.
Qxe7+ Bxe7 16. O-O-O $14) (10... dxe4 {Ribli,Z} 11. Ng5 Be6 12. Nxe6 fxe6 13.
Qxe6 Qxd4 (13... Nxd4 14. Qxe4 Qb6 15. O-O-O $16) 14. Rd1 Qb6 (14... Qc5 15.
Rd5 Qb4 16. Qd7+ Kf7 17. Rf5+ Kg6 18. Qe6#) (14... Nd8 15. Qxe7+ $16) 15. Qd7+
Kf7 16. Bc4+ Kg6 17. Qe6+ Kh5 18. Be2#) (10... Na5 {Ribli,Z} 11. Qc2 dxe4 12.
Qxe4 Bf5 13. Qe2 $16 {[%csl Re8] Der schwarze König steht schlecht in der
Mitte und hat Probleme mit der Entwicklung.Ribli.}) 11. Rd1 dxe4 $2 (11... Na5
$2 12. Qa4+ b5 13. Bxb5+ axb5 14. Nxb5 Nec6 (14... Ng6 15. Nc7+ Ke7 16. Qb4+
Kd7 17. Qb5+ Ke7 18. Nxe6 Kxe6 19. exd5+ $18) 15. Nc7+ Ke7 16. exd5 Bxd5 17.
O-O f6 18. Ng5 $1 $40) (11... Qd7 $1 $11) (11... h6 $5 $13 {/\g7-g5}) 12. d5 $1
$16 Nxd5 (12... Na5 13. dxe6 Nxb3 14. exf7+ Kxf7 15. Ng5+ Kf6 16. Rxd8 Rxd8 17.
axb3 $16) 13. Rxd5 (13. Nxd5 $6 {Ribli,Z} exf3 14. Qxb7 Bxd5 15. Rxd5 Qxd5 16.
Qxa8+ Ke7 {[%csl Re1]} 17. Kf2 Kf6 $17) 13... Bxd5 14. Nxd5 Bd6 $8 (14... Rc8
15. Ng5 Bc5 16. Nxf7 Kxf7 17. Nc7+ Kg6 18. Qe6+ Qf6 19. Qg4+ Kf7 20. Bc4+ $18)
(14... exf3 {Ribli,Z} 15. Nc7+ Ke7 (15... Kd7 16. Bh3+ $18) 16. Bg5+ f6 17.
Qe6#) 15. Qxb7 O-O (15... Na5 $2 16. Nc7+ Bxc7 17. Qxe4+ Kd7 (17... Qe7 {
Ribli,Z} 18. Qxe7+ Kxe7 19. Bxc7 $18 {Und die weißen Leichtfiguren entscheiden
die Partie.Ribli.}) 18. Bh3+ $18) 16. Bxd6 Qxd6 17. Qxc6 $1 {Das ist die
letzte Pointe des weißen Angriffs.Ribli.} Qxc6 18. Ne7+ Kh8 19. Nxc6 exf3 20.
Kf2 Rac8 21. Nb4 $1 {Nach großen Komplikationen hat Weiß zwei Leichtfiguren
gegen den Turm. Da der Rc8 jedoch sehr aktiv ist, fällt der Gewinn noch nicht
leicht.Ribli.} Rc1 $8 (21... Rfd8 22. Bxa6 Rb8 23. Nd3 $16) (21... a5 {Ribli,Z}
22. Nd3 Rc2+ 23. Kxf3 $16) 22. Nd3 (22. Nxa6 $6 {Ribli,Z} Rd8 {[%csl Gc1,Gd8]})
22... Ra1 23. Bg2 (23. a3 {Ribli,Z} Rd8 24. Kxf3 $2 Rxd3+ $17) 23... Rxa2 (
23... Rxh1 {Ribli,Z} 24. Bxh1 $18) 24. Bxf3 Rd8 25. Rc1 g6 26. Ke3 Kg7 27. Rc7
$2 (27. Rc5 $142 $1 Z0 28. Bd5) 27... Ra5 28. Ra7 $6 (28. Rc6 $5) 28... Rd6 29.
g4 {Weiß steht natürlich viel besser. Aber da das Material reduziert ist,
bleiben Schwarz noch einige Rettungschancen.} (29. Rc7 $5 Z0 30. Rc6) 29... Rb5
30. b4 h5 {Praktisch jeder Tausch ist vorteilhaft für Schwarz.Ribli.} 31. gxh5
gxh5 32. Bb7 Rbb6 33. Bc8 Kf6 $4 (33... Rbc6 $142 $14) (33... Rdc6 {Ribli,Z}
34. Bf5 Kf6 35. Be4 Rd6 36. h4 {[%csl Rh5]}) (33... Rbc6 {Ribli,Z} 34. Bf5 Kf6)
34. Nc5 {Mit diesem kleinen taktischenTrick gewinnt Kortschnoj den a-Bauern
und entscheidet damit die Partie.Ribli.} Kg6 35. Rxa6 $18 f5 36. h4 f4+ 37. Kf3
(37. Kxf4 {Ribli,Z} Rxb4+ 38. Ne4 Rxa6 39. Bxa6 {Auch hier muß Weiß gewinnen,
aber die Partiefortsetzung ist viel stärker.Ribli.}) 37... Rf6 (37... Rxa6 38.
Bxa6 Rd4 39. b5 Rb4 40. Nd7 Kf5 41. b6 Rb3+ 42. Kf2 Rb2+ 43. Ke1 $18) 38. Rxb6
Rxb6 39. Nd3 Rc6 40. Bb7 Rc3 41. Kxf4 Kf6 (41... Rxd3 {Ribli,Z} 42. Be4+ $18)
42. Be4 Rb3 43. Ke3 Rb1 {Schwarz spielt gegen den Ph4, aber der b-Bauer
entscheidet.} 44. Kd4 Rg1 45. b5 Ke6 46. b6 1-0

[Event "BL2-Ost 9899"]
[Site "Germany"]
[Date "1999.01.31"]
[Round "5.1"]
[White "Kosten, Anthony C"]
[Black "Mischustov, Michael"]
[Result "1-0"]
[WhiteElo "2502"]
[BlackElo "2380"]
[Annotator "Kosten,A"]
[PlyCount "63"]
[EventDate "1998.10.18"]
[EventType "team-tourn"]
[EventRounds "9"]
[EventCountry "GER"]
[SourceTitle "GER-chT2"]
[Source "ChessBase"]
[SourceDate "1999.07.01"]
[SourceVersion "1"]
[SourceVersionDate "1999.07.01"]
[SourceQuality "1"]
[WhiteTeam "Schott Mainz"]
[BlackTeam "Nuernberg"]
[WhiteTeamCountry "GER"]
[BlackTeamCountry "GER"]

1. c4 e5 2. g3 Nf6 3. Bg2 c6 4. d4 Bb4+ 5. Bd2 Bxd2+ 6. Qxd2 d6 {This was
lucky; at the time of playing this game I was in the middle of writing a book
on the English Opening ('The Dynamic English'), and had written the section on
this position just days before. It was still fresh in my memory!} 7. Nc3 {
Actually, in my book I suggest that} (7. e3 {first, is more accurate, but I
wanted to try something else.}) 7... O-O 8. e3 Qe7 9. Nge2 Na6 10. h3 $1 {
I had first seen this plan in a game of Dorfman's, the idea is to play g4, and
then Ng3. From here, the knight controls the two critical squares e4, and f5.}
Rb8 11. g4 b5 12. cxb5 cxb5 13. Ng3 b4 14. Nce2 g6 {This weakens the kingside,
but Black wanted to play ...Bb7, without allowing the reply Nf5.} 15. O-O Bb7
16. e4 {White turns his attention to Black's kingside.} Kh8 17. f4 Ng8 18. f5
f6 19. a3 $1 {A nasty surprise for my opponent, who was getting short of time,
White attacks on both wings.} exd4 20. fxg6 hxg6 21. axb4 d5 22. Nf4 Kh7 23.
exd5 Nxb4 24. Rae1 {Suddenly it seems that Black is lost, without having done
anything terribly wrong. The move played was too tempting, but} (24. Be4 {
was also strong, as it is impossible to defend g6.}) 24... Qd6 25. Re6 Qc5 26.
Ne4 Qc2 $6 {This gives White a choice of wins, but if} (26... Qa5 {then} 27.
Nxg6 $1 Kxg6 $2 28. Qg5+ {leads to a quick mate, anyway.}) 27. Nxg6 $5 {
This is pretty, but my first thought was to play} (27. Qxb4 {as} Bxd5 28. Qxd4
Bxe6 29. Nxe6 {is devastating, but I wish I had seen the line}) (27. Rc1 $5 {as
} Qxd2 {allows mate:} 28. Rc7+ Kh6 29. g5+ fxg5 30. Rxg6# {and this would
certainly have been the most aesthetic finish!}) 27... Kxg6 {This allows mate,
but although} (27... Qxd2 28. Nxf8+ Rxf8 29. Nxd2 {would have allowed Black to
continue a bit, it is quite hopeless, of course.}) 28. Qg5+ Kh7 29. Rfxf6 $1
Rxf6 30. Re7+ $1 Nxe7 31. Nxf6+ Kh8 32. Qh6+ 1-0